Catálogo de la Biblioteca Horacio González - Universidad Nacional de General Sarmiento

Antonio Preciado poeta : (Registro nro. 54853)

Detalles MARC
000 -CABECERA
campo de control de longitud fija 02170ngm a22003490a 4500
001 - NÚMERO DE CONTROL
campo de control PT34303
003 - IDENTIFICADOR DEL NÚMERO DE CONTROL
campo de control AR-LpoUNG
005 - FECHA Y HORA DE LA ÚLTIMA TRANSACCIÓN
campo de control 20210202000436.0
007 - CAMPO FIJO DE DESCRIPCIÓN FÍSICA--INFORMACIÓN GENERAL
campo de control de longitud fija vd cvaizq
008 - DATOS DE LONGITUD FIJA--INFORMACIÓN GENERAL
campo de control de longitud fija 191001s2008||||mx |||||||||||||||||spa d
037 ## - FUENTE DE ADQUISICIÓN
Condiciones de disponibilidad $6.25
040 ## - FUENTE DE LA CATALOGACIÓN
Centro catalogador/agencia de origen AR-LpoUNG
Lengua de catalogación spa
Centro/agencia transcriptor AR-LpoUNG
Normas de descripción aacr
041 ## - CÓDIGO DE LENGUA
Código de lengua del texto/banda sonora o título independiente spa
044 ## - CÓDIGO DEL PAÍS DE LA ENTIDAD EDITORA/PRODUCTORA
Código MARC del país mx
082 0# - NÚMERO DE LA CLASIFICACIÓN DECIMAL DEWEY
Número de clasificación 808 864dvd
100 1# - ENTRADA PRINCIPAL--NOMBRE DE PERSONA
Nombre de persona López, Modesto
Término indicativo de función/relación dir.
245 10 - MENCIÓN DE TÍTULO
Título Antonio Preciado poeta :
Resto del título entre cantos y marimbas
260 ## - PUBLICACIÓN, DISTRIBUCIÓN, ETC.
Lugar de publicación, distribución, etc. México, D. F. :
Nombre del editor, distribuidor, etc. Pentagrama,
Fecha de publicación, distribución, etc. 2008.
300 ## - DESCRIPCIÓN FÍSICA
Extensión DVD (70 min.) : son., col.
505 0# - NOTA DE CONTENIDO CON FORMATO
Nota de contenido con formato DVD acompañado por un CD-Rom
520 ## - SUMARIO, ETC.
Sumario, etc. El documental recorre parte de la vida de Antonio y su poesía, a través de él, la cultura de la provincia de Esmeraldas contada, cantada y bailada a ritmo de marimbas, bombos y cununos, por personajes como: Papá Roncón, Petita Palma y su grupo Tierra Caliente, Agripina Castillo con el grupo Clarinete y Marimba, Rosa Willa con el grupo Las voces del niño Dios, Lindberg Valencia, los raperos Ángel El Perro y Alex Mix", el maestro en tradición oral Juan García, el alcalde del cantón de Esmeraldas Ernesto Estupiñán, el escritor y promotor cultural Juan Montaño y el ex futbolista Italo Estupiñán. Todos ellos son dignos representantes de este combativo pueblo negro que tiene su antecedente más remoto en la llegada del esclavo africano de Cabo Verde, Antón a las costas de Esmeraldas en 1553, quien los guía hacia la libertad, y posteriormente Alonso de Illescas, de Cabo Verde, líder aguerrido y sagaz, quien logra crear la república de los zambos (indios y negros) y llevar adelante una larga resistencia contra el poder español. Estos libertarios participaron en muchas batallas por la independencia y la dignidad de Ecuador, un pueblo negro al que como dice Antonio, trataron de invisibilizar los distintos gobiernos y que hoy más que nunca se levantan para que los veamos y nos reconozcamos en ellos.
650 #4 - PUNTO DE ACCESO ADICIONAL DE MATERIA--TÉRMINO DE MATERIA
Término de materia o nombre geográfico como elemento de entrada ECUADOR
650 #4 - PUNTO DE ACCESO ADICIONAL DE MATERIA--TÉRMINO DE MATERIA
Término de materia o nombre geográfico como elemento de entrada INDEPENDENCIA
650 #4 - PUNTO DE ACCESO ADICIONAL DE MATERIA--TÉRMINO DE MATERIA
Término de materia o nombre geográfico como elemento de entrada LIBERTAD
650 #4 - PUNTO DE ACCESO ADICIONAL DE MATERIA--TÉRMINO DE MATERIA
Término de materia o nombre geográfico como elemento de entrada LITERATURA
650 #4 - PUNTO DE ACCESO ADICIONAL DE MATERIA--TÉRMINO DE MATERIA
Término de materia o nombre geográfico como elemento de entrada MUSICA
650 #4 - PUNTO DE ACCESO ADICIONAL DE MATERIA--TÉRMINO DE MATERIA
Término de materia o nombre geográfico como elemento de entrada POESIA
653 ## - TÉRMINO DE INDIZACIÓN--NO CONTROLADO
Término no controlado DVD
653 ## - TÉRMINO DE INDIZACIÓN--NO CONTROLADO
Término no controlado VIDEOS
905 ## - ELEMENTOS DE DATOS E LOCAL, LDE (RLIN)
a 34303
942 ## - ELEMENTOS DE PUNTO DE ACCESO ADICIONAL (KOHA)
Tipo de ítem Koha DVD
Existencias
Estado de retiro Estado de pérdida Estado dañado No para préstamo Código de colección Localización permanente Ubicación/localización actual Fecha de adquisición Total de préstamos Signatura topográfica completa Código de barras Fecha visto por última vez Precio válido a partir de Tipo de ítem Koha
        Colección Cine Biblioteca Universidad Nacional de General Sarmiento Biblioteca Universidad Nacional de General Sarmiento 02/02/2021   808 864dvd 00039072 02/02/2021 02/02/2021 DVD